Culture Générale - Série 1274 - Statistiques

Statistiques générales
  • Ce quiz a été pris 90 fois
  • Le résultat moyen est 4 sur 10
Statistiques - réponses
Question Réponse % Correct
L'ensemble des frères et soeurs d'une même famille s'appelle une... fratrie
90%
Dans "Tintin en Amérique", quel vrai gangster de Chicago veut la mort de Tintin ? Al Capone
71%
Quel district de New York a été baptisée "Breuckelen", par les colons néerlandais qui l'ont fondé ? Brooklyn
58%
Quel animal laineux d'Ouzbékistan est le caracul ou karakul? mouton
55%
Dans quel pays est incarcéré Brad Davis, dans le film d'Alan Parker “Midnight Express” ? Turquie
49%
Quel écrivain français, prénommé Alexandre, est l'auteur des romans "Le Petit Sauvage" et "Le Zubial" ? Alexandre Jardin
34%
Quelle actrice est la partenaire principale de Humphrey Bogart dans le film "Casablanca" de 1942 ? Ingrid Bergman
22%
Dans le conte philosophique de Voltaire, comment s'appelle la femme que Candide épouse à la fin ? Cunégonde
20%
Qui est le réalisateur du film "La Guerre des boutons", sorti en 1962 ? Yves Robert
14%
Quel musée parisien est consacré à l'Asie ? musée Guimet
5%
Aucun quiz correspondant
Distribution des résultats
% des personnes avec chaque résultat
Percentile par nombre de réponses
Votre historique - résultats
Vous n’avez pas pris ce quiz